Hitler: anatomía de un dictador. Conversaciones de sobremesa en el cuartel general del Fuhrer 1941-1942
Enregistré dans:
| Auteur principal: | |
|---|---|
| Format: | Livre |
| Langue: | espagnol |
| Publié: |
Ciudad de México
Grijalbo
1974
|
| Édition: | 2a. ed |
| Sujets: | |
| Tags: |
Ajouter un tag
Pas de tags, Soyez le premier à ajouter un tag!
|
MARC
| LEADER | 00000nam a2200000 a 4500 | ||
|---|---|---|---|
| 001 | UCS6224 | ||
| 003 | CL-VaPUC | ||
| 008 | 970917e19740000MX |||||||||||||||||spa|d | ||
| 082 | 0 | 4 | |a 923.2 |b PIC |2 21 |
| 100 | 0 | |a Picker, Henry |e author |9 391788 | |
| 245 | 1 | 0 | |a Hitler: anatomía de un dictador. Conversaciones de sobremesa en el cuartel general del Fuhrer 1941-1942 |
| 250 | |a 2a. ed | ||
| 300 | |a 687 p | ||
| 942 | |c BK | ||
| 945 | |d 19970917 00:00:00 |a rleighto | ||
| 260 | |a Ciudad de México |b Grijalbo |c 1974 | ||
| 600 | 0 | 7 | |a HITLER, ADOLF |2 CL-VaPUC |9 314510 |
| 650 | 0 | |a Biografías |9 255210 | |
| 650 | 0 | |a Políticos |9 256302 | |
| 650 | 7 | |a FILOSOFIA POLITICA |2 CL-VaPUC |9 391789 | |
| 583 | |a last modification |c 20160913 12:45:52 |k Rodrigo Vera | ||
| 999 | |c 262172 |d 262170 | ||
| 952 | |0 0 |1 0 |4 0 |6 923_200000000000000_PIC_1974 |7 0 |8 A |9 290392 |a BIBHIS |b BIBHIS |d 2019-11-19 |i 3351130 |o 923.2 PIC 1974 |p 3351130 |r 2025-01-20 |w 2019-11-19 |y BK |k HIS | ||